Liste des Personnalitées transférés au Panthéon - Statistiques

Statistiques générales
  • Ce quiz a été pris 64 fois
  • Le résultat moyen est 20 sur 84
Statistiques - réponses
Qualité Date du transfère au Panthéon Personnage % Correct
Physicienne 1995 Marie Curie
89%
Physicien 1995 Pierre Curie
89%
Résistant 1964 Jean Moulin
80%
Ecrivain 1885 Victor Hugo
80%
Chanteuse, Danseuse, Actrice, Résistante 2021 Josephine Baker
76%
Philosphe, Ecrivain 1791 François-Marie Arouet, dit Voltaire
73%
Femme politique 2018 Simone Veil
73%
Ecrivain 1908 Emile Zola
69%
Homme politique 2018 Antoine Veil
62%
Ecrivain, Philosophe 1794 Jean-Jacques Rousseau
62%
Homme politique 1813 Jean Rousseau
62%
Ecrivain 1996 André Malraux
47%
Homme politique 1924 Jean Jaurès
44%
Homme politique 2015 Jean Zay
42%
Homme politique, Scientifique 1809 Lazare Nicolas Marguerite Carnot
42%
Ecrivain 2002 Alexandre Dumas
40%
Homme politique 1920 Léon Gambetta
36%
Scientifique 1952 Louis Braille
33%
Scientifique 1907 Marcellin Berthelot
33%
Scientifique 1907 Sophie Berthelot
33%
Résistante 2015 Germaine Tillion
31%
Homme politique 1791-1794 Honore-Gabriel Riqueti, comte de Mirabeau
29%
Architecte 1829 Jacques-Germain Soufflot
27%
Economiste 1988 Jean Monnet
27%
Homme politique 1793-1795 Jean-Paul Marat
27%
Homme politique, Philosphe 1989 Nicolas de Caritat, Marquis de Condorcet
27%
Résistant 2015 Pierre Brossolette
27%
Navigateur, Explorateur, Ecrivain 1811 Louis Antoine de Bougainville
24%
Homme politique 1949 Victor Schoelcher
24%
Résistante 2015 Geneviève De Gaulle-Anthonioz
20%
Religieux 1989 Henri Grégoire
20%
Militaire 1812 Gabriel Louis de Caulaincourt
18%
Militaire 1810 Jean Lannes
18%
Homme politique, Juriste 1793-1795 Louis-Michel Lepeletier, marquis de Saint-Fargeau
18%
Ecrivain 2020 Maurice Genevoix
18%
Résistant 1987 René Cassin
18%
Physicien 1948 Jean Perrin
16%
Militaire 1810 Louis Charles Vincent Le Blond de Saint-Hilaire
16%
Homme politique 1894 Marie François Sadi Carnot
16%
Militaire 1815 Antoine-Jean-Marie Thévenard
13%
Homme politique, Juriste 1806 François Denis Tronchet
13%
Mathématicien 1989 Gaspard Monge
13%
Homme politique, Médecin 1889 Jean-Baptise Baudin
13%
Homme politique, Juriste 1810 Jean-Baptiste Treilhard
13%
Militaire 1814 Jean-Louis-Ebénézer Reynier
13%
Homme politique 1809 Jean-Pierre Sers
13%
Peintre 1809 Joseph-Marie Vien
13%
Homme politique 1813 Justin de Viry
13%
Homme politique 1807 Louis-Pierre-Pantaléon Resnier
13%
Physicien 1948 Paul Langevin
13%
Mathématicien, Homme politique 1933 Paul Painlevé
13%
Médecin, Poète, Philosophe 1808 Pierre Jean Georges Cabanis
13%
Juge 1814 Claude Ambroise Régnier
11%
Militaire 1806 Claude-Louis Petiet
11%
Homme politique 1809 Emmanuel Cretet
11%
Homme politique 1949 Félix Eboué
11%
Militaire 1889 François Séverin Marceau
11%
Militaire 1813 Frédéric Henri Walther
11%
Homme politique 1809 Girolamo-Luigi Durazzo
11%
Homme politique, Juriste 1809 Jean-Baptiste Papin
11%
Homme politique 1807 Jean-Baptiste-Pierre Bevière
11%
Militaire 1812 Jean-Guillaume de Winter
11%
Militaire 2002 Jean Marie Pierre Dorsenne
11%
Militaire 1808 Jean-Pierre Firmin Malher
11%
Mathématicien 1813 Joseph-Louis Lagrange
11%
Militaire 1808 François Barthélemy Beguinot
9%
Religieux 1811 Ippolito-Antonio Vincenti-Mareri
9%
Homme politique 1807 Jean-Etienne-Marie Portalis
9%
Financier 1808 Jean-Frédéric Perregaux
9%
Homme politique 1813 Jean-Jacques Jacqueminot
9%
Militaire, Homme politique 1809 Pierre Garnier de Laboissière
9%
Militaire 1889 Théophile-Malo de la Tour d'Auvergne-Corret
9%
Militaire 1811 Alexandre-Antoine de Hureau, baron de Sénarmont
7%
Militaire, Homme politique 1808 Antoine-César de Choiseul-Praslin
7%
Militaire 1793-1793 Auguste Marie Henri Picot, marquis de Dampierre
7%
Homme politique, explorateur 1810 Charles Pierre Claret, comte de Fleurieu
7%
Militaire 1815 Claude-Juste-Alexandre Legrand
7%
Religieux 1910 Giovani Battista Caprara
7%
Militaire, Homme politique 1811 Michel Ordener
7%
Militaire 1811 Nicolas Marie Songis des Courbons
7%
Religieux, Diplomate 1811 Charles Erskine de Kellie
4%
Militaire 1813 Hyacinthe-Hugues Timoléon de Cossé-Brissac
4%
Homme politique 1814 Jean-Nicolas Démeunier
4%
Militaire 1809 Justin Bonaventure Morard de Galles
4%
Aucun quiz correspondant
Distribution des résultats
% des personnes avec chaque résultat
Percentile par nombre de réponses
Votre historique - résultats
Vous n’avez pas pris ce quiz